000 01683cam a2200397Li 4500
001 ocn469986973
003 TZ-ArACH
005 2013061102002.0
008 040722s2004 fr 000 0 fre d
015 _a00448611
_2bnf
016 7 _aFRBNF392158880000004
_2FrPBN
020 _a2130542778
020 _a9782130542773
035 _a(OCoLC)469986973
040 _aBDF
_encafnor
_bfre
_cTZ-ArACH
041 _aFre
049 _aTZAA
050 _aK236
_b.C75
082 1 4 _a341
_222
245 0 0 _aCritique de l'intégration normative : l'apport du droit comparé à l'harmonisation du droit /
_bl'apport du droit comparé à l'harmonisation du droit /
_csous la dir. de Mireille Delmas-Marty ; [publ. par l']École doctorale de droit comparé.
260 _aParis :
_bPresses universitaires de France,
_c2004
_e(41-Vendôme :
_fImpr. des PUF)
300 _a330 p. ;
_c22 cm.
490 0 _aLes voies du droit
500 _aEn appendice, choix de documents.
500 _aBibliogr. p. 321-328. Index.
650 7 _aDroit
_xUnification internationale.
_911354
650 7 _aDroit comparé.
_911355
700 1 _aDelmas-Marty, Mireille,
_d1941-....
_4pbd
_911356
710 2 _aÉcole doctorale de droit comparé (Paris)
_4edt
_911357
760 0 _tLes Voies du droit.,
_d2004
_x0766-6764
_w(FrPBN)34234339
856 4 2 _3Notice et cote du catalogue de la Bibliothèque nationale de France
_uhttp://catalogue.bnf.fr/ark:/12148/cb39215888t
886 1 _2intermrc
_a009
_ba--d---------------
886 2 _2intermrc
_a680
_b0-
_a340
_b340
942 _2lcc
_cBOOK
999 _c2420
_d2420